• 首页
  • 本馆介绍
  • 公告通知
  • 最新文献
  • 馆藏检索
  • 电子资源
  • 读者导购
  • 参考咨询
  • 我的图书馆
  • 登录
  • 详细信息显示
  • 放入我的书架
  • 预约/预借图书
  • 作者相关作品
  • 分类相关作品
  • 丛书相关作品
  • 出版社相关作品

书目信息

  • 表格格式
  • 工作单格式
  • 卡片格式
题名:
误差理论与数据处理
    
 
作者: 丁振良 主编
分册:  
出版信息: 哈尔滨   哈尔滨工业大学出版社  2015.2
页数: 240页
开本: 26cm
丛书名:
单 册:
中图分类: O241.1
科图分类:
主题词: 测量误差--误差理论 , 测量--数据处理
电子资源:
ISBN: 978-7-5603-4995-4
000 01047nam0 2200277 450
001 0400001872
005 20171019175021.0
010    @a978-7-5603-4995-4@dCNY36.00
100    @a20150601e2015 em y0chiy50 ea
101 0  @achi
102    @aCN@b230000
105    @ay z 000yy
106    @ar
200 1  @a误差理论与数据处理@9wu cha li lun yu shu ju chu li@f丁振良主编
210    @a哈尔滨@c哈尔滨工业大学出版社@d2015.2
215    @a240页@d26cm
300    @a“十二五”国家重点图书出版规划项目 先进制造理论研究与工程技术系列
312    @a封面英文题名:Error theory and data processing
330    @a本书介绍了测量误差的基本理论与测量数据处理的基本方法,包括测量误差的基本概念、特征规律性、表述方法及传递计算,一般测量问题中的数据处理方法,不确定度的估计与合成,最小二乘法和回归分析。
510 1  @aError theory and data processing@zeng
606 0  @a测量误差@x误差理论
606 0  @a测量@x数据处理
690    @aO241.1@v5
701  0 @a丁振良@9ding zhen liang@4主编
801  0 @aCN@b91MARC@c20171019
905    @b1025841-5@dO241.1@f5@e221
    
    误差理论与数据处理/丁振良主编.-哈尔滨:哈尔滨工业大学出版社,2015.2
    240页;26cm
    “十二五”国家重点图书出版规划项目 先进制造理论研究与工程技术系列
    
    ISBN 978-7-5603-4995-4:CNY36.00
    本书介绍了测量误差的基本理论与测量数据处理的基本方法,包括测量误差的基本概念、特征规律性、表述方法及传递计算,一般测量问题中的数据处理方法,不确定度的估计与合成,最小二乘法和回归分析。
●
相关链接 在E读中查询图书 在五车中查询图书 在当当中查询图书 在豆瓣中查询图书


正题名:误差理论与数据处理     索取号:O241.1/221         预约/预借

序号 登录号 条形码 馆藏地/架位号 状态 备注
1 1025841   210258415   第二样本阅览室/ [索取号:O241.1/221] 在馆    
2 1025842   210258424   数信系资料室/ [索取号:O241.1/221] 在馆    
3 1025843   210258433   第三借阅区/ [索取号:O241.1/221] 在馆    
4 1025844   210258442   第三借阅区/ [索取号:O241.1/221] 在馆    
5 1025845   210258451   第三借阅区/ [索取号:O241.1/221] 在馆    
唐山师范学院图书馆 欢迎您!
大连网信软件有限公司© 版权所有